000 00325nam a2200133Ia 4500
008 151213s9999 xx 000 0 und d
100 _aLaurence Durrell
245 _aCLEA
_cLaurence Durrell
260 _aNew York
_bPocket Books
_c1960
300 _a4608 p.
650 _aEnglish
700 _aLaurence Durrell
999 _c2966
_d2966